| 000 | 00778cam a22002413a 4500 | ||
|---|---|---|---|
| 001 | 23472 | ||
| 003 | PGUSA | ||
| 005 | 20140828083512.0 | ||
| 008 | 071113s2007||||xxu|||||s|||||000 | eng d | ||
| 040 |
_aPGUSA _beng |
||
| 042 | _adc | ||
| 050 | 4 | _aDA | |
| 100 | 1 |
_aMcCarthy, Justin H. _q(Justin Huntly), _d1860-1936 |
|
| 245 | 1 | 2 |
_aA History of the Four Georges and of William IV, Volume IV _h[electronic resource] / _cJustin H. McCarthy |
| 260 |
_bProject Gutenberg, _c2007 |
||
| 506 | _aPublic domain in the USA. | ||
| 516 | _aElectronic text | ||
| 653 | _aGreat Britain -- History -- 1714-1837 | ||
| 653 | _aGreat Britain -- Politics and government -- 1714-1837 | ||
| 830 | 0 |
_aProject Gutenberg _v23472 |
|
| 856 | 4 | 0 | _uhttp://www.gutenberg.org/ebooks/23472 |
| 942 | _cEB | ||
| 999 |
_c252727 _d252727 |
||